| 000 | 00629nam a2200217Ia 4500 | ||
|---|---|---|---|
| 999 |
_c4675 _d4675 |
||
| 001 | 26898758 | ||
| 003 | OCoLC | ||
| 005 | 20181211170141.0 | ||
| 008 | 921102s1896 ilu 000 0 eng d | ||
| 040 |
_aIDA _cIDA _dMAL |
||
| 082 |
_a234.8 _bM612S |
||
| 090 |
_aBS2545.H6 _b.M4 |
||
| 092 |
_a234.8 _bM57s |
||
| 100 | 1 |
_aMeyer, F. B. _q(Frederick Brotherton), _d1847-1929. |
|
| 245 | 1 | 4 |
_aThe secret of guidance : _ba companion volume to Light on life's duties / _cby F.B. Meyer. |
| 260 |
_aChicago : _bThe Moody Press, _cc1896. |
||
| 300 |
_a127p. ; _c17 cm. |
||
| 650 | 0 | _aHoliness. | |
| 650 | 0 | _aSanctification. | |
| 942 |
_2ddc _cBK |
||